Základy lékařské fysiky : [určeno pro posl. lék. fak. v Brně]. 1. [díl] /

Hlavní autor: Staněk, Jaroslav, 1917-1980
Korporativní autor: Univerzita J.E. Purkyně v Brně
Jazyk: Čeština
Vydáno: Praha : Státní pedagogické nakladatelství, 1964
Vydání: 1. vyd.
Edice: Učební texty vys. škol / Universita J.E. Purkyně v Brně. Fak. lékařská
Fyzický popis: 274 s. : il. ; 28 cm
Knihy
Uloženo v:
LEADER 01524nam a22003492a 4500
001 001681914
003 CZ BrMZK
005 20190509122823.0
007 ta
008 190509s1964 xr er|||||||||||cze d
015 |a cnb000478133 
020 |q (Brož.) :  |c Kčs 13,70 
035 |a (OCoLC)42091697 
040 |a ABA001  |b cze  |c OLA001  |d ABA001  |d BOA001  |e aacr2 
080 9 |a 53:61(075.8)  |2 undef 
100 1 |a Staněk, Jaroslav,  |d 1917-1980  |7 jk01120836  |4 aut 
245 1 0 |a Základy lékařské fysiky :  |b [určeno pro posl. lék. fak. v Brně].  |n 1. [díl] /  |c Jaroslav Staněk 
250 |a 1. vyd. 
260 |a Praha :  |b Státní pedagogické nakladatelství,  |c 1964  |f (KNT 6) 
300 |a 274 s. :  |b il. ;  |c 28 cm 
490 1 |a Učební texty vys. škol / Universita J.E. Purkyně v Brně. Fak. lékařská 
500 |a Vyd. Univ. J.E. Purkyně v Brně 
500 |a 1. vyd. 740 výt., dotisk v r. 1967 900 výt. 
504 |a Obsahuje bibliografii a rejstřík 
710 2 |a Univerzita J.E. Purkyně v Brně  |7 kn20010709352 
810 2 |a Universita J.E. Purkyně v Brně.  |b Fak. lékařská.  |t Učební texty vys. škol 
910 |a BOA001  |b 4-0515.627,1  |b 4-0573.564,1 
990 |a BK 
991 |b 201905 
996 6 |b 2618962110  |c 4-0515.627,1  |l MZK  |r Sklad / do 1 hodiny  |n 1  |w 001721903  |u 000010  |a 1  |e BOA001  |j MZK50  |s P 
996 7 |b 2618968936  |c 4-0573.564,1  |l MZK  |r Sklad / do 1 hodiny  |n 0  |w 001721903  |u 000030  |a 1  |e BOA001  |j MZK50  |s A 
996 6 |b 2618968937  |c 4-0573.564,1  |l MZK  |r Sklad / do 1 hodiny  |n 0  |w 001721903  |u 000020  |a 1  |e BOA001  |j MZK50  |s P